| 000 | 00599cam1a220021700 4500 | ||
|---|---|---|---|
| 001 | zam00002105 | ||
| 008 | 951128s1976 xx eng u | ||
| 035 | _a(Sirsi) r19484 | ||
| 035 | _a(MACHINE)SLC. | ||
| 100 |
_aOzmon, H. A. _6A80380.1 |
||
| 245 | 1 | 0 | _aPhilosophical foundations of education. |
| 260 | _c1976. | ||
| 949 |
_aOZM1-PHI _wlcc _mMAIN _tBOOK _lON-SHELF |
||
| 004 | 19484 | ||
| 591 | _aClass code: ED 322. | ||
| 591 | _aCourse: History teaching methods. | ||
| 591 | _aSchool: S03. | ||
| 591 | _aLecturer: Mr. BWALYA, I. | ||
| 591 | _aNumber of Students: 64. | ||
| 909 | _aBook | ||
| 999 |
_c168837 _d168837 |
||